Supplement 1 harmonized tariff schedule of the United States 1993.
| Format: | Book |
|---|---|
| Published: |
Washington, D.C.:
United States Government Printing Office,
1993.
|
| Subjects: |
| LEADER | 00523cam a2200157 7i4500 | ||
|---|---|---|---|
| 001 | 0000003903 | ||
| 005 | 19991025090000.0 | ||
| 002 | ##000005328 | ||
| 020 | 0 | 0 | |a T000004642 |
| 090 | 0 | 0 | |a T 382.7 |b SUPP |
| 245 | 0 | 0 | |a Supplement 1 harmonized tariff schedule of the United States 1993. |
| 260 | 0 | 0 | |a Washington, D.C.: |b United States Government Printing Office, |c 1993. |
| 300 | 0 | 0 | |a [v.p]. |
| 650 | 0 | 0 | |a Tariff -- |z United States of America |
| 651 | 0 | 0 | |a United States of America |
| 999 | |a 0000005636 |b Book |c Open shelf |e Business Information Centre | ||